المترجم المساعد فى كتابة الرسائل بالانجليزية
| Main Author: | |
|---|---|
| Format: | Book |
| Published: |
Jeddah
Tihamah
1989
|
| Subjects: |
MARC
| LEADER | 00000cam a2200000 7i4500 | ||
|---|---|---|---|
| 001 | 0000000284 | ||
| 008 | 021118s1989 | ||
| 090 | 0 | 0 | |a PJ6170 |b .T8 1989 |
| 100 | 0 | |a تركستاني، عبد الله علي عبد الكريم |e author | |
| 245 | 1 | 2 | |a المترجم المساعد فى كتابة الرسائل بالانجليزية |c عبد الله علي عبد الكريم تركستاني |
| 260 | 2 | |a Jeddah |b Tihamah |c 1989 | |
| 300 | |a 229 p. |c 17 cm | ||
| 650 | 0 | |a Arabic language |v Translating | |
| 999 | |a 1000074177 |b Book |c OPEN SHELF (30 DAYS) |e Gong Badak Campus | ||